00946nam a2200253Ia 4500952011200000999001700112008004100129020001500170050002400185100004000209245010300249250001800352260004100370300003000411336001000441337001400451338001200465504005200477519006000529650001900589650003100608700004100639942001200680 00104070a22b22d2009-09-03l5oQA76.9 D32M54 1999p06 000251r2019-02-14s2019-02-14t1w2012-06-26yLB c65207d65207120626s1999 mx 000 0 spa d a970150500X aQA76.9bD32M54 1999 aMiguel Castano, Adoracion deeautor aFundamentos y modelos de bases de datos c/ Adoracion de Miguel Castano y Mario Piattini Velthuis a2a. edición aMéxicob: AlfaomegabRa-Mac, 1999 axxiv, 515 páginasb: il atexto asin medio avolumen aIncluye referencias bibliográficas e índice aMaterial Complementario /bInformática /d(06 000251) aBASES DE DATOS aDISEÑO DE BASES DE DATOS aPiattini Velthuis, Mario G.ecoautor cLB2lcc